000
00290nam a2200109Ia 4500
008
221009s9999 xx 000 0 und d
082
_a
001/Sah BOOK
100
_a
Pratiyogita Sahitya
_9
81280
245
0
_a
General Knowledge And Who's Who
260
_b
Sahitya Bhavan Publication
942
_c
BK
999
_c
64552
_d
64552